| 000 | 01368cam a22004094a 4500 | ||
|---|---|---|---|
| 001 | 7935914 | ||
| 003 | OSt | ||
| 005 | 20211006111508.0 | ||
| 006 | m d | ||
| 007 | cr n | ||
| 008 | 051118s2006 flua sb 011 0 eng d | ||
| 020 | _a084937278X (alk. paper) | ||
| 035 | _a(WaSeSS)ssj0000292833 | ||
| 038 | _akhadija | ||
| 040 |
_aDLC _cDLC _dBAKER _dC#P _dDLC _dWaSeSS |
||
| 042 | _apcc | ||
| 050 | 4 |
_aTA418.76 _b.F67 2006 |
|
| 082 | 0 | 0 |
_a620.11223 _222 _bFOR |
| 100 | 1 |
_aForsgren, Amy. _982958 |
|
| 210 | 1 | 0 | _aCorrosion control through organic coatings |
| 245 | 1 | 0 |
_aCorrosion Control Through Organic Coatings / _cAmy Forsgren. |
| 260 |
_aBoca Raton, FL : _bCRC/Taylor & Francis, _c2006. |
||
| 300 |
_a161 p. ; _c24 cm. |
||
| 490 | 1 | _aCorrosion technology | |
| 500 | _aHardcover. | ||
| 504 | _aIncludes bibliographical references and index. | ||
| 506 | _aLicense restrictions may limit access. | ||
| 563 | _aHardcover | ||
| 650 | 0 |
_aProtective coatings. _921287 |
|
| 650 | 0 |
_aCorrosion and anti-corrosives. _940953 |
|
| 650 | 0 |
_aOrganic compounds. _91263 |
|
| 773 | 0 | _tMATERIALSnetBASE | |
| 830 | 0 |
_aCorrosion technology (Boca Raton, Fla.) _982959 |
|
| 856 | 4 | 0 |
_uhttp://www.columbia.edu/cgi-bin/cul/resolve?clio7935914 _zFull text available from MATERIALSnetBASE |
| 910 | _aLibrary of Congress record | ||
| 942 |
_2ddc _cBK |
||
| 999 |
_c32160 _d32160 |
||